00288nam a2200109Ia 4500008004100000100003100041245001500072260000900087300002900096440002400125650002900149180117s9999 xx 000 0 und d aby Luisito Batongbakal, Jr aFilipiknow c2017 a10-13 pages, 2017 July 2 aPhilippine Panorama aOBSESION WITH WHITE SKIN